000 00491nam a2200181Ia 4500
001 19678
005 20260306172710.0
008 260306t2009||||xx |||||||||||||| ||spa||
041 _aESP
082 _a341
_bC241
100 _aCianciardo, Juan
_eAUT
245 0 _aEl principio de razonabilidad:
_bdel debido proceso sustantivo al moderno juicio de proporcionalidad
260 _c2009
300 _a179 páginas :
_c23 m.
650 _aGEN
654 _aCDE
942 _cLIB
_dJUS
_fJUS
_2ddc
_n
999 _c19678
_d19678